Regions of Japan - Statistics

General Stats
  • This quiz has been taken 944 times
  • The average score is 5 of 8
Answer Stats
Answer % Correct
Hokkaido
95%
Kyushu
82%
Kanto
77%
Shikoku
73%
Kansai
65%
Tohoku
57%
Chubu
52%
Chugoku
48%
No matching quizzes found
Score Distribution
Percent of People with Each Score
Percentile by Number Answered
Your Score History
You have not taken this quiz